Clave de los economistas en el poder y en la oposición (Record no. 35462)

MARC details
000 -LEADER
campo de control de longitud fija 01294nam a2200253 i 4500
001 - NÚMERO DE CONTROL
campo de control 35462
003 - IDENTIFICADOR DE NÚMERO DE CONTROL
campo de control ES-MaACL
005 - FECHA Y HORA DE LA ÚLTIMA TRANSACCIÓN
campo de control 20230906155131.0
007 - CAMPO FIJO DE DESCRIPCIÓN FÍSICA--INFORMACIÓN GENERAL
campo de control de longitud fija t|
008 - DATOS DE LONGITUD FIJA--INFORMACIÓN GENERAL
campo de control de longitud fija 030213s1850 sp ||||1| spa d
080 ## - NÚMERO DE LA CLASIFICACIÓN DECIMAL UNIVERSAL
Número de la Clasificación Decimal Universal 016:33
080 ## - NÚMERO DE LA CLASIFICACIÓN DECIMAL UNIVERSAL
Número de la Clasificación Decimal Universal 338.2(460)"18"
100 1# - ENTRADA PRINCIPAL--NOMBRE DE PERSONA
Nombre de persona Bona y Ureta, Juan Eloy de.
9 (RLIN) 30051
245 10 - MENCIÓN DEL TÍTULO
Título Clave de los economistas en el poder y en la oposición
Resto del título : discurso económico-político /
Mención de responsabilidad, etc. escrito por Juan Eloy de Bona y Ureta ; introducción de Salvador Costanzo ; seguido de un catálogo [de todas las obras de Economía y Administración publicadas en España desde el siglo XVI hasta nuestros días] del mismo autor... ; y añadido de una carta y varios apuntes de Manuel de Colmeiro.
260 ## - PUBLICACIÓN, DISTRIBUCIÓN, ETC.
Lugar de publicación, distribución, etc. Madrid :
Nombre del editor, distribuidor, etc. [s.n.],
Fecha de publicación, distribución, etc. 1850 (
Fabricante Imp. de Francisco García Arias)
300 ## - DESCRIPCIÓN FÍSICA
Extensión XVI, 1-27, 1-43 p. ;
Dimensiones 20 cm.
530 ## - NOTA DISPONIBLE DE FORMULARIO FÍSICO ADICIONAL
Nota de formato físico adicional disponible Disponible en formato digital.
650 #4 - PUNTO DE ACCESO ADICIONAL DE MATERIA--TÉRMINO DE MATERIA
Término de materia o nombre geográfico como elemento de entrada Economía-
Subdivisión de forma Bibliografías.
9 (RLIN) 149470
651 #4 - PUNTO DE ACCESO ADICIONAL DE MATERIA--NOMBRE GEOGRÁFICO
Nombre geográfico España-
Subdivisión general Política económica-
Subdivisión cronológica S.XIX.
9 (RLIN) 147870
700 1# - ENTRADA AGREGADA--NOMBRE PERSONAL
Nombre de persona Costanzo, Salvador.
9 (RLIN) 41130
700 1# - ENTRADA AGREGADA--NOMBRE PERSONAL
Nombre de persona Colmeiro, Manuel (
Fechas asociadas al nombre 1818-1894)
9 (RLIN) 39768
852 4# - LOCALIZACIÓN
Ubicación ES-MaACL
Número de control de estantería T-1-F-4
Nota libre - Enc. hol., falto de cub. original
-- - Enc. en un vol. facticio
856 4# - LOCALIZACIÓN Y ACCESO ELECTRÓNICOS
Identificador Uniforme de Recursos <a href="http://bdh-rd.bne.es/viewer.vm?id=0000255790&page=1 ">http://bdh-rd.bne.es/viewer.vm?id=0000255790&page=1 </a>
Nota pública Biblioteca Digital Hispánica
Holdings
Estatus retirado Estado de pérdida Estado de daño No para préstamo Colección Biblioteca de origen Biblioteca actual Ubicación en estantería Fecha de adquisición Fuente de adquisición Total de préstamos Signatura topográfica completa Código de barras Visto por última vez Precio de reemplazo Tipo de ítem Koha
        Colección de folletos Biblioteca del Ateneo de Madrid Biblioteca del Ateneo de Madrid Depósito folletos 17/01/2008     T-1-F-4 1037108 23/02/2023 23/02/2023 Folleto